Confieso que he vivido ; memorias.

Bibliographic Details
Main Author: Neruda, Pablo, 1904-1973
Format: Book
Language:Spanish
Published: Barcelona : Editorial Seix Barral, [1974]
Edition:[1. ed.].
Series:Biblioteca breve ; 365
Subjects:

MARC

Tag First Indicator Second Indicator Subfields
LEADER 00000cam a2200000 i 4500
001 in00000463551
005 20151012163613.0
008 770414s1974 sp a 00100bspa
010 |a  74334508  
020 |a 8432295019 
020 |a 8432202681 (pbk.) 
035 |a (OCoLC)02887387 
035 |9 ABZ6649AM 
040 |a DLC  |c NAM  |d TXA  |d UtOrBLW 
049 |a TXAM  |c [973105] 
050 0 0 |a PQ8097.N4  |b Z523 
100 1 |a Neruda, Pablo,  |d 1904-1973. 
245 1 0 |a Confieso que he vivido ;  |b memorias. 
250 |a [1. ed.]. 
264 1 |a Barcelona :  |b Editorial Seix Barral,  |c [1974] 
264 4 |c [©1974] 
300 |a 511 pages :  |b portrait ;  |c 20 cm. 
336 |a text  |b txt  |2 rdacontent 
337 |a unmediated  |b n  |2 rdamedia 
338 |a volume  |b nc  |2 rdacarrier 
490 0 |a Biblioteca breve ; 365 
600 1 0 |a Neruda, Pablo,  |d 1904-1973. 
999 |a MARS 
999 f f |s 00a78836-ea2d-3346-92ef-74a74ed7cc89  |i 8f5cc9ed-89cf-386a-a8ff-c00fc05b9374  |t 0 
952 f f |p normal  |a Texas A&M University  |b College Station  |c Sterling C. Evans Library  |d Evans: Library Stacks  |t 0  |e PQ8097.N4 Z523  |h Library of Congress classification  |i unmediated -- volume  |m A14803835516 
998 f f |a PQ8097.N4 Z523  |t 0  |l Evans: Library Stacks